000 00328nam a2200145 i 4500
001 bg
100 1 _aHenn, Walter.
245 0 _aAussehwande /
_cW. Henn, F. Haterland.
260 _aMunchen,
_c1975.
700 1 _aHATERLAND, F.
040 _cBPK
041 _apol
942 _cKS
008 s pl f |000 0 pol
999 _c29644
_d29644
856 _uhttp://koha.tu.koszalin.pl/cgi-bin/koha/opac-detail.pl?biblionumber=29644
_yKatalog online BPK